LEADER 00856nam a2200217 i 4500 001 000000142578 003 CaOOAMICUS 005 20050907000000.0 008 050907s1936 it u000 u ita u 013 $a117934 040 $aSeMil$bita 100 1 $aMassè, Domenico.$0(OLS)http://semarc/name/19630 245 13$aLe ragioni della vita dinamica /$cDomenico Masse'. 260 $aFidenza :$bSegni dei Tempi,$c1936. 300 $a236 p. ;$c21 cm. 500 $aIn testa alla copertina : Discorsi ai giovani su la vita dinamica. 650 4$aVita umana.$0(OLS)http://semarc/subject/3153 850 $aSeMil 852 $aSeMil$W1$xVenegono$y1$m2R III 182 =$j95746$B95746$CSeMilBibl$Z2$F102552 $81 996 $6245$aLe ragioni della vita dinamica$9(OLS)http://semarc/title/208574 996 $6260$aFidenza :$bSegni dei Tempi$9(OLS)http://semarc/publisher/42866 LEADER 01403nam a2200205 i 4500 001 000000221650 003 CaOOAMICUS 005 20130731000000.0 008 130731s1726 xx u000 u lat u 013 $a200547 026 $aonTe r-*- Ets& jufe (3) 1726 (R) - [* = ae] 040 $aSeMil$bita 245 10$aPars sexta. Operum tomus sextus, continens Synodos ac decreta Sancti Gregorii Septimi. Studio, ac labore f. Thomae Philippini ravennatensis ejusdem ordinis. 300 $a[4], 423, [1] p. 500 $aSegn. : pigreco2 A-2L6 2M8. 773 0 $tSynodorum generalium, ac provincialium decreta, et canones, scholiis, notis, ac historica actorum dissertatione illustrati, per F. Christianum Lupum, Iprensem, Ordinis Heremitarum Sancti Augustini, Sacrĉ Theologiae in alma Lovaniensi Universitate ..$dVenetiis : prostant apud Jo. Baptistam Albritium Q. Hieron. et Sebastianum Coleti, 1724-1727.$g6$w()16972 773 0 $aLupus, Chrétien $tPatris Christiani Lupi Opera omnia.$dVenetiis : apud Jo: Baptistam Albritium Hieron et Sebastianum Coleti, 1724-1729.$g6$w()27406 850 $aSeMil 852 $aSeMil$W1$xVenegono$y1$m2H VI 52 FA$j171999$B171999$CSeMilBibl$Z2$F182588 $8I 996 $6245$aPars sexta. Operum tomus sextus, continens Synodos ac decreta Sancti Gregorii Septimi. Studio, ac labore f. Thomae Philippini ravennatensis ejusdem ordinis$9(OLS)http://semarc/title/317758